000 00504cam a2200205 4500
001 B1573
008 090401t1985 xxu||||| |||| 00| 0 eng d
035 _a(Sirsi) u45284
041 _aeng
050 _a346.4104343
110 _aJones Lang Wootton
_92909
245 _aOffice service charges . - Winter 1984/5
260 _aLondon
_bJones Lang Wootton
_c1985
300 _a5p. ; 30cm.
350 _a0
490 _aJLW Occasional Paper
650 _aOFFICES
942 _n0
948 _c04/03/1997
999 _c91675
_d91675